000 00574nam a2200217Ia 4500
005 20240409091904.0
008 131103s9999 xx 000 0 und d
020 _a663411785
040 _aLoreto College
041 _aEnglish
082 _a425
_bJOH
100 _aJohnson, Dale D
245 _aGinn vocabulary workbook
_cDale D Johnson and Bonnie Von Hoff Johnson
260 _aLexington
_bGinn
_c[19?]
300 _a126p.
_b pic.
504 _aIncludes index
650 _aEnglish Grammar
700 _aJohnson, Bonnie Von Hoff
850 _aLCBED
942 _cBK
999 _c28287
_d78766